| 000 | 00569nam a2200205 i 4500 | ||
|---|---|---|---|
| 001 | bgj | ||
| 100 | 1 |
_aTOLKIEN, [John] [Ronald] [Reuel] _d(1892-1973) |
|
| 245 | 1 | 0 |
_aThe Return of the King / _cJ. R. R. Tolkien. |
| 260 |
_aNew York : _bBallantine Books, _c1978. |
||
| 300 |
_aXII, [4], 544 pp : _bmap ; _c18 cm. |
||
| 650 | 9 | _aFantasy fiction | |
| 650 | 9 | _aAdventure fiction | |
| 740 | 0 | 2 | _aThe Lord of the Rings |
| 020 | _a0345272609 | ||
| 040 | _cBPK | ||
| 041 | 0 | _aeng | |
| 920 | _a0-345-27260-9 | ||
| 942 | _cKS | ||
| 008 | s uk f |000 0 eng | ||
| 999 |
_c48678 _d48678 |
||
| 856 |
_uhttp://koha.tu.koszalin.pl/cgi-bin/koha/opac-detail.pl?biblionumber=48678 _yKatalog online BPK |
||